هذا العام سوف أقوم ... : (Record no. 15324)

MARC details
000 -الفاتح
حقل البيانات ثابتة الطول 01007nam a22002057a 4500
008 - عناصر البيانات ثابتة الطول - معلومات عامة
حقل البيانات ثابتة الطول 110519s2009 su|||||r|||| 000 0 ara d
020 ## - الرقم الدولى المعيارى للكتب
الرقم الدولى المعيارى للكتاب 9786000209865
082 ## - رقم تصنيف ديوى العشرى
رقم الطبعة 22
رقم التصنيف 158.1
رقم المادة ر ي ا
100 ## - المدخل الرئيسى - إسم شخصى
9 (RLIN) 23923
الإسم الشخصى ريان، م. ج
245 ## - بيان العنوان
العنوان هذا العام سوف أقوم ... :
بقية العنوان كيف تغير إحدى عاداتك أخيرا، أو كيف تلتزم بقراراتك، أو كيف تحقق حلمك ... /
بيان المسئوليه,etc ترجمة مكتبة جرير؛ م. ج. ريان
260 ## - PUBLICATION, DISTRIBUTION, ETC. (IMPRINT)
مكان الناشر او الموزع الرياض :
اسم الناشر او الموزع مكتبة جرير، 2009
تاريخ النشر أو التوزيع 2009
300 ## - الوصف المادى
التعداد 265 ص ؛
تفاصيل ماديه اخرى للوعاء 20 سم
650 ## - المدخل الاضافى بالموضوع-مصطلح موضوعى
9 (RLIN) 23916
مصطلح موضوعي أو اسم جغرافي كعنصر مدخل النجاح الشخصي
650 ## - المدخل الاضافى بالموضوع-مصطلح موضوعى
9 (RLIN) 23924
مصطلح موضوعي أو اسم جغرافي كعنصر مدخل العادة (علم نفس)
650 ## - المدخل الاضافى بالموضوع-مصطلح موضوعى
9 (RLIN) 23925
مصطلح موضوعي أو اسم جغرافي كعنصر مدخل السلوك (علم النفس)
653 ## - مصطلح تكشيفى غير مقيد
Resource For college
Arrived date list May2011
710 ## - المدخل الاضافى - اسم هيئه
9 (RLIN) 23926
اسم الهيئة أو اسم السلطة كمدخل مكتبة جرير
942 ## - عناصر المدخل الإضافي( كوها)
مصدر التصنيف او مخطط الترفيف Dewey Decimal Classification
Koha [default] item type Book - Borrowing
Holdings
حالة التراجع حالة الفقد مصدر التصنيف او خطة الترفيف حالة تلف ليس للاعارة مجموعات كوها المكان الدائم المكان الحالي موقع الترفيف تاريخ الاكتساب سعر الشراء الطبيعي تعداد مسلسل / التسلسل الزمني رقم الاستدعاء الباركود Date last seen مُعار نوع الوعاء
    Dewey Decimal Classification     Diwan Central Library Central Library Lower Floor 19/05/2011 43.00 124070 158.1 ر ي ا 000023603 11/12/2025 12/11/2025 Book - Borrowing